| 000 | 01335naa a22003137a 4500 | ||
|---|---|---|---|
| 001 | BR8803401 | ||
| 003 | BR-BrBNA | ||
| 005 | 20250721155332.0 | ||
| 007 | ta | ||
| 008 | 250630b bl.|||m| |||| 00| 0 por d | ||
| 040 |
_aBR-BrBNA _bpor _cBiblioteca Nacional de Agricultura |
||
| 041 | _a(Pt) | ||
| 072 |
_aH10 _b0180 _b4020 |
||
| 090 | _aH10 BR8803401 | ||
| 100 | 1 | _aGomez, S.A. | |
| 100 | 1 | _aRumiatto, M. | |
| 111 | 1 |
_a4. Reuniao da Comissao Centro-Sul-Brasileia de Pesquisa de Trigo _cCampinas, SP (Brazil) _d18-22 Jan 1988 |
|
| 245 | 1 | _aAvaliacao do controle biologico de Schizaphis graminum (Rondani, 1852)por parasitos alienigenas introduzidos. Projeto 004.86.027-6 | |
| 246 | 1 | _a[Evaluation of the biological control of Schizaphis graminum (Rondani, 1852)by introduced parasites. Project 004.86.027-6] | |
| 246 | 1 | _a[Wheat research results 1987] | |
| 500 | _aResultados de pesquisa com trigo 1987 Dourados, MS (Brasil): 1988. p. 130-131 (BR8803401-AMS) | ||
| 773 | 0 |
_tResultados de pesquisa com trigo 1987 _wH10 BR8803401 _gDourados, MS (Brasil), 1988. p. 130-131 |
|
| 650 | _aTRIGO | ||
| 650 | _aPULGAO | ||
| 650 | _aCONTROLE BIOLOGICO | ||
| 490 |
_aDocumentos - Unidade de Execucao de Pesquisa de Ambito Estadual de Dourados (Brazil) _vno. 34 |
||
| 942 |
_cAMS _2AGRIS |
||
| 909 |
_a202506 _bLúcia _c55 _dLúcia Elande |
||
| 999 |
_c335945 _d335945 |
||